00406nam a2200169 a 450000100060000000300090000600800410001502000150005604000280007108200170009910000230011624500240013925000060016326000350016930000080020465000240021213613CO-ViMGA141112s2004 ck r 000 u spa d a9687646683 aCO-ViMGAbspacCO-ViMGA04aGu 861 A411t1 aAk' Abal, Humberto10aTejedor de palabras a3 aMexico D.F. : bPraxis, c1998 a50914aPOESIA GUATEMALTECA